000 00591cam a22002053a 4500
001 41601
003 PGUSA
005 20140828083935.0
008 121210s2012||||xxu|||||s|||||000 | eng d
040 _aPGUSA
_beng
042 _adc
100 1 _aJókai, Mór,
_d1825-1904
245 1 0 _aMagyarhon szépségei; A legvitézebb huszár
_h[electronic resource] /
_cMór Jókai
260 _bProject Gutenberg,
_c2012
506 _aPublic domain in the USA.
516 _aElectronic text
830 0 _aProject Gutenberg
_v41601
856 4 0 _uhttp://www.gutenberg.org/ebooks/41601
942 _cEB
999 _c270853
_d270853